25 Most Planted Wine Grape Varieties in the USA - Statistics

General Stats
  • This quiz has been taken 15 times
  • The average score is 12 of 25
Answer Stats
Rank Grape Variety Vineyard Area (ha) % Correct
1 Chardonnay 41,392
92%
3 Pinot Noir / Blauer Burgunder / Spätburgunder 22,998
83%
11 Riesling 4,952
83%
2 Cabernet Sauvignon 40,837
75%
20 Malbec / Côt 1,610
75%
4 Merlot 21,251
75%
9 Pinot Grigio / Pinot Gris / Grauburgunder 7,462
75%
6 Syrah / Shiraz 9,083
75%
15 Cabernet Franc 2,199
67%
14 Garnacha Tinta / Grenache Noir 2,213
67%
10 Sauvignon Blanc 6,747
67%
5 Zinfandel / Primitivo / Tribidrag 18,551
67%
25 Carignan / Mazuelo / Cariñena 1,086
42%
19 Chenin Blanc 1,969
42%
21 Viognier 1,481
42%
22 Petit Verdot 1,219
33%
16 Barbera 2,131
25%
7 Concord 8,349
25%
13 Petite Sirah / Durif 3,698
25%
8 Colombard 7,991
17%
23 Muscat Blanc à Petits Grains 1,218
8%
18 Muscat of Alexandria 1,987
8%
24 Niagara 1,196
8%
12 Rubired 4,825
8%
17 Ruby Cabernet 2,114
8%
No matching quizzes found
Score Distribution
Percent of People with Each Score
Percentile by Number Answered
Your Score History
You have not taken this quiz